[Event "Titled Tue 25th Feb Early"]
[Site "chess.com INT"]
[Date "2025.02.25"]
[Round "6"]
[White "Theodorou, Nikolas"]
[Black "Tari, A."]
[Result "1-0"]
[WhiteElo "2611"]
[BlackElo "2621"]
[PlyCount "55"]
[EventDate "2025.02.25"]

1. Nf3 Nf6 2. b3 d5 3. Bb2 Bf5 4. g3 h6 5. Bg2 e6 6. O-O Be7 7. d3 O-O 8. Nc3 Bh7 9. e4 c5 10. exd5 exd5 11. Ne5 Nc6 12. Nxc6 bxc6 13. Re1 Nd7 $146 ({RR} 13... Bd6 14. Na4 Re8 15. Qf3 Nd7 16. Rxe8+ Qxe8 17. Qg4 f6 18. f4 Qf7 19. Re1 Re8 20. Qd1 Rxe1+ 21. Qxe1 Qe7 22. Qxe7 Bxe7 23. Bh3 Nb6 24. Nxb6 axb6 25. Bd7 c4 26. Bxc6 cxd3 27. Bxd5+ Kf8 28. cxd3 {Theodorou,N (2622)-Ryan,J (2240) chess.com INT 2024 1-0 (42)}) ({RR} 13... Re8 14. Na4 Bf8 15. Rxe8 Nxe8 16. Ba3 Qa5 17. Qe1 Qxe1+ 18. Rxe1 c4 19. Bxf8 Kxf8 20. dxc4 Bxc2 21. cxd5 cxd5 22. Bxd5 Rd8 23. Bf3 Nf6 24. Nc5 g5 25. h3 h5 26. Re5 g4 27. hxg4 hxg4 28. Be2 {Theodorou,N (2612)-Gokerkan,C (2473) chess.com INT 2025 1-0 (33)}) 14. Na4 Bf6 15. Qc1 Rb8 16. Bh3 Bxb2 17. Qxb2 c4 18. dxc4 dxc4 19. Rad1 Rb7 20. Nc5 Nxc5 21. Rxd8 Rxd8 22. Qd4 Nd7 23. Bxd7 c5 24. Qd6 Bxc2 25. Bf5 Rbb8 26. Qxc5 cxb3 27. Bxc2 Rdc8 28. Qxc8+ 1-0

[Event "Titled Tue 25th Feb Early"]
[Site "chess.com INT"]
[Date "2025.02.25"]
[Round "7"]
[White "Tin, Jingyao"]
[Black "Anton Guijarro, D."]
[Result "1-0"]
[WhiteElo "2582"]
[BlackElo "2668"]
[PlyCount "117"]
[EventDate "2025.02.25"]

1. g3 d5 2. Nf3 c6 3. Bg2 a5 ({RR} 3... h5 4. d4 Bg4 5. Nbd2 e6 6. h3 Bf5 7. c4 Nf6 8. O-O Nbd7 9. b3 Ne4 10. Bb2 Bd6 11. Ne5 Nxd2 12. Qxd2 Nxe5 13. dxe5 Be7 14. cxd5 exd5 15. Rad1 Qc8 16. Kh2 Qe6 17. b4 a6 18. a4 {Amin,B (2691)-Rakhmanov,A (2632) chess.com INT 2023 0-1 (44)}) 4. O-O a4 5. d3 g6 6. Bf4 $146 ({RR} 6. e4 Bg7 7. e5 c5 8. c4 d4 9. Nbd2 Nc6 10. Qe2 Qc7 11. Re1 Bf5 12. a3 h6 13. Ne4 Bxe4 14. Qxe4 e6 15. h4 Nge7 16. h5 g5 17. Re2 Rb8 18. Bd2 Na5 19. Rae1 Nb3 20. Bc1 Nc6 {Sowinski,P (2434)-Anton Guijarro,D (2668) chess.com INT 2025 1-0 (48)}) 6... Bg7 7. Be5 f6 8. Bc3 e5 9. e4 d4 10. Bb4 b6 11. c3 c5 12. Ba3 Nc6 13. cxd4 exd4 14. e5 Nge7 15. exf6 Bxf6 16. Nbd2 O-O 17. b3 Be6 18. Re1 Bf7 19. bxa4 Nd5 20. Ne4 Nc3 21. Qc2 Bd5 22. Nfd2 Bg7 23. f4 h6 24. Qc1 Rxa4 25. Bb2 Nb4 26. Nxc3 dxc3 27. Bxc3 Nxd3 28. Qc2 Nxe1 29. Qxg6 Ra7 30. Bxd5+ Qxd5 31. Rxe1 b5 32. Ne4 Kh8 33. Qxh6+ Kg8 34. Bxg7 Rxg7 35. Nf6+ Rxf6 36. Qxf6 Qd7 37. Qe6+ Qxe6 38. Rxe6 Rc7 39. Kf2 c4 40. Ke1 Ra7 41. Rb6 Rxa2 42. Rxb5 Rxh2 43. Rc5 Rg2 44. Rg5+ Kf7 45. Kf1 Rd2 46. Rc5 Rc2 47. g4 Ke6 48. Rc6+ Kd5 49. Rc8 Ke4 50. f5 Kf3 51. Ke1 Kxg4 52. f6 Rc1+ 53. Ke2 Rc2+ 54. Ke3 Rc3+ 55. Ke4 Rc1 56. f7 Re1+ 57. Kd4 Rd1+ 58. Kc3 Rd3+ 59. Kc2 1-0

[Event "Titled Tue 25th Feb Early"]
[Site "chess.com INT"]
[Date "2025.02.25"]
[Round "8"]
[White "Theodorou, Nikolas"]
[Black "Iturrizaga Bonelli, Eduardo"]
[Result "1-0"]
[WhiteElo "2611"]
[BlackElo "2577"]
[PlyCount "131"]
[EventDate "2025.02.25"]

1. Nf3 Nf6 2. b3 g6 3. Bb2 Bg7 4. g3 O-O 5. Bg2 c5 6. c4 Nc6 7. O-O d6 8. d4 cxd4 9. Nxd4 Bd7 10. Nc3 Nxd4 11. Qxd4 Bc6 12. Nd5 Bxd5 13. Bxd5 Ne8 14. Qd2 Bxb2 15. Qxb2 Qc7 16. Rfd1 Nf6 17. Bf3 a5 18. h4 h5 19. Rd3 $146 ({RR} 19. Rac1 a4 20. b4 a3 21. Qb3 Ra7 22. c5 dxc5 23. Rxc5 Qb6 24. Rdc1 Raa8 25. Rc7 Ng4 26. Bxg4 hxg4 27. Rxe7 Rad8 28. Rcc7 Qf6 29. Kg2 b5 30. Qxa3 Kg7 31. Qc3 Rd4 32. e3 Rd6 33. Qxf6+ Kxf6 {Mitrabha,G (2507)-Smirnov,A (2136) chess.com INT 2024 1-0 (39)}) 19... Rfc8 20. Re3 Kg7 21. Rd1 Rab8 22. Rd5 b6 23. Kg2 Re8 24. Red3 Rec8 25. a4 Re8 26. e3 Kh7 27. Rxd6 exd6 28. Qxf6 Re6 29. Qf4 Qe7 30. Rd5 Rc8 31. Bxh5 Re4 32. Qf3 Rc5 33. Rxc5 bxc5 34. Bg4 Kg7 35. Qd1 Qf6 36. Bf3 Qe5 37. Qd3 f5 38. Bxe4 fxe4 39. Qd2 Qf5 40. Qxd6 Qf3+ 41. Kg1 Kh7 42. Qxc5 Qd1+ 43. Kh2 Qxb3 44. Qxa5 Qa2 45. Qc7+ Kg8 46. Qf4 Qxc4 47. a5 Qa4 48. Qf6 Kh7 49. a6 Qa2 50. Qe7+ Kh6 51. Qg5+ Kh7 52. Qf4 Qxa6 53. Qxe4 Qf1 54. Qg2 Qe2 55. Qb7+ Kh6 56. Kg2 Qd3 57. Qf3 Qd7 58. Qf8+ Kh7 59. Qf4 Qd5+ 60. e4 Qd3 61. Qe3 Qd6 62. Qf4 Qd3 63. Qf3 Qd4 64. h5 g5 65. Qf5+ Kh8 66. h6 1-0

[Event "Titled Tue 25th Feb Early"]
[Site "chess.com INT"]
[Date "2025.02.25"]
[Round "8"]
[White "Svane, R."]
[Black "Lazavik, Denis"]
[Result "1-0"]
[WhiteElo "2621"]
[BlackElo "2572"]
[PlyCount "281"]
[EventDate "2025.02.25"]

1. Nf3 {Roiz,Michael} Nf6 2. g3 b6 3. Bg2 Bb7 4. O-O g6 5. d4 Bg7 6. c4 O-O 7. Re1 ({RR} 7. d5 Ne4 ({RR} 7... Na6 8. Nc3 Nc5 9. Nd4 ({RR} 9. Be3) 9... e5 10. Nb3 d6 11. e4 Nfd7 12. Be3 a5 13. Nd2 f5) 8. Qc2 f5 9. Nbd2 Nd6 10. e4 Na6 11. exf5 Nxf5 12. Ne4 c6) ({RR} 7. Nc3 Ne4 8. Nxe4 Bxe4 9. Be3 c5 10. Qd2 d6 11. Bh6 Nd7 12. Bxg7 Kxg7 13. Rfd1 Nf6) 7... Na6 ({RR} 7... e6 8. Nc3 ({RR} 8. Bg5 h6 9. Bxf6 Qxf6 10. Nc3 d6) ({RR} 8. Bf4 d6 9. Qc2) 8... Ne4 9. Nxe4 ({RR} 9. Bd2 d6 10. Rc1 Nd7 11. d5 Nxc3 ({RR} 11... Nxd2 12. Nxd2 Qe7) 12. Bxc3 Bxc3 13. Rxc3 e5 14. Qd2 Kg7 15. e4 a5 16. h4 Nc5) 9... Bxe4 10. Bg5 Qe8 ({RR} 10... Qc8 11. Qd2 d6 12. Bh6 Qb7 13. Bxg7 Kxg7 14. Rad1 ({RR} 14. Bh3 Bxf3 15. exf3 c5 16. f4) 14... Nd7 15. d5 Bxf3 16. exf3 e5 17. f4) 11. Qd2 d6 12. Bh6 ({RR} 12. Qe3 Bb7 13. Bh6 ({RR} 13. Qd3 e5 14. e4 Nd7) 13... Nd7 14. Bxg7 Kxg7 15. Qd3 Rd8 16. e4 e5 17. Rad1 Qe7) 12... Nd7 13. Rac1 ({RR} 13. Qf4 f5 14. Qh4 Nf6 15. Ng5 Bxh6 16. Qxh6 Bxg2 17. Kxg2 Qe7) 13... Qe7 14. Bxg7 Kxg7 15. Bh3 ({RR} 15. Ng5 Bxg2 16. Kxg2 e5 17. Ne4 Nf6 18. Nc3 c6) 15... Nf6 ({RR} 15... c5 16. Red1 Rad8 17. dxc5 dxc5 18. Qc3+ Qf6) 16. Nh4 ({RR} 16. Qc3 c5 17. Nd2 Bb7 18. e4 cxd4 19. Qxd4 Qc7) 16... Bb7 17. f3 ({RR} 17. Bg2 Bxg2 18. Nxg2) 17... c5 18. e4 cxd4 19. Qxd4 Rfd8 20. Ng2 Qc7 21. Ne3 Qc5 22. Qc3 {Aronian,L (2805)-Carlsen,M (2877) Saint Louis 2014 CBM 162 [Roiz,Michael] 0-1 (70)} ({RR} 22. Red1 h5 23. Rd3 Rd7 24. Rcd1 Rad8)) 8. a3 ({RR} 8. d5 Nc5 9. Qc2 Nfe4 10. Ng5 Nxg5 11. Bxg5 h6 12. Bd2 a5 13. Bc3 e5 14. dxe6 dxe6 15. Rd1 Qe7 16. Bxb7 Nxb7 17. Na3 Rad8 18. Nb5 c6 19. Bxg7 Kxg7 20. Nd4 Qc5 21. Qc3 e5 22. Nb3 Qe7 {Jones,G (2654)-Gasanov,E (2469) Peterborough ENG 2025 1-0 (50)}) ({RR} 8. Qc2 c5 9. d5 b5 10. cxb5 Nb4 11. Qxc5 Nfxd5 12. Na3 a6 13. bxa6 Bxa6 14. Bd2 Rc8 15. Bxb4 Rxc5 16. Bxc5 Bxb2 17. Rab1 Qa5 18. Nc2 Qxc5 19. Rxb2 Qc3 20. Reb1 Bxe2 21. Nfd4 Bc4 22. a4 e6 {Svane,R (2627)-Carlsen,M (2830) chess.com INT 2024 0-1}) 8... e6 9. Nc3 $146 ({RR} 9. Qc2 c5 10. dxc5 Nxc5 11. Nc3 Nfe4 12. Bd2 Nxc3 13. Bxc3 Be4 14. Qd1 Bxc3 15. bxc3 Qc7 16. h4 Rad8 17. Qd4 Bxf3 18. Bxf3 Nb3 19. Qf6 Rde8 20. Rad1 Qd8 21. Qe5 Nc5 22. Rd4 Qe7 23. Red1 f6 {Svane,R (2615)-Khusnutdinov,R (2484) Chess.com INT 2021 0-1 (67)}) 9... Ne4 10. Nxe4 Bxe4 11. Bg5 Qc8 12. Rc1 d6 13. b4 c5 14. dxc5 dxc5 15. Qb3 Qb7 16. b5 Nc7 17. Red1 h6 18. Bf4 Rad8 19. a4 g5 20. Bxc7 Qxc7 21. Ne1 Bg6 22. Bc6 Rxd1 23. Rxd1 Rd8 24. Nf3 Bf6 25. h3 Kg7 26. Kg2 Rd6 27. Rd2 Qd8 28. Rxd6 Qxd6 29. Qa2 Qd8 30. Nd2 Bc3 31. Ne4 Be5 32. Nd2 h5 33. a5 g4 34. hxg4 hxg4 35. axb6 axb6 36. Be4 f5 37. Bc6 Kf6 38. Nf1 Bd4 39. Qd2 Kg7 40. Qf4 Bf6 41. Qe3 Qd6 42. Qa3 Bf7 43. Qa7 Qd8 44. Qb7 Bd4 45. Qa7 Kf6 46. Qa3 Kg6 47. Qc1 Bf6 48. Qa3 Bg5 49. Qa7 e5 50. Bd5 Bxd5+ 51. cxd5 Qxd5+ 52. Kg1 Qd6 53. Qa8 Kg7 54. Qc8 Qf6 55. e3 Kg6 56. Nd2 Qd8 57. Qc6+ Qf6 58. Qd5 Qd8 59. Qe6+ Bf6 60. Nc4 Qd1+ 61. Kg2 Qf3+ 62. Kg1 Qd1+ 63. Kh2 Qe2 64. Nxe5+ Kg5 65. Nf7+ Kg6 66. Ne5+ Kg5 67. Nf7+ Kg6 68. Kg1 Qd1+ 69. Kh2 Kg7 70. Nd6 Qc2 71. Nxf5+ Kg6 72. Ne7+ Kg7 73. Nf5+ Kg6 74. Nh4+ Kg7 75. Qxg4+ Kf8 76. Qc8+ Kf7 77. Qd7+ Kf8 78. Kg2 Bxh4 79. gxh4 Qg6+ 80. Kf3 Qh5+ 81. Kg3 Qg6+ 82. Qg4 Qd3 83. Qf3+ Kg7 84. Qg4+ Kf8 85. Qc8+ Kf7 86. Qc7+ Kf8 87. Qxb6 c4 88. Qb8+ Kf7 89. Qc7+ Ke6 90. b6 Qd6+ 91. Qxd6+ Kxd6 92. b7 Kc7 93. h5 c3 94. h6 c2 95. h7 c1=Q 96. b8=Q+ Kxb8 97. h8=Q+ Kb7 98. Qg7+ Kb6 99. Qd4+ Kb7 100. f4 Qg1+ 101. Kf3 Qh1+ 102. Kg4 Qg2+ 103. Kf5 Qh3+ 104. Kg5 Qg3+ 105. Kf6 Qh4+ 106. Ke6 Qg4+ 107. Kf7 Qh5+ 108. Kg7 Qg4+ 109. Kf8 Qf5+ 110. Ke7 Qh7+ 111. Kd6 Qg6+ 112. Kd5 Qf7+ 113. Ke4 Qg6+ 114. f5 Qg4+ 115. Ke5 Qg3+ 116. Ke6 Qg8+ 117. Ke7 Qh7+ 118. Ke6 Qg8+ 119. Ke7 Qh7+ 120. Kf6 Qh8+ 121. Kg6 Qe8+ 122. Kh6 Qc6+ 123. f6 Qh1+ 124. Kg7 Qg2+ 125. Kf8 Qg6 126. f7 Qh6+ 127. Qg7 Qxe3 128. Kg8 Qe6 129. Qg5 Qb3 130. Kg7 Qb2+ 131. Qf6 Qg2+ 132. Kf8 Qa2 133. Qd6 Qc4 134. Ke7 Qe4+ 135. Kf6 Qf3+ 136. Kg6 Qg4+ 137. Kf6 Qf3+ 138. Ke7 Qe4+ 139. Kd8 Qc4 140. f8=Q Qc8+ 141. Ke7 1-0

[Event "Titled Tue 25th Feb Early"]
[Site "chess.com INT"]
[Date "2025.02.25"]
[Round "11"]
[White "Boyer, Mahel"]
[Black "Shimanov, A."]
[Result "1-0"]
[WhiteElo "2509"]
[BlackElo "2593"]
[PlyCount "69"]
[EventDate "2025.02.25"]

1. Nf3 d5 2. b3 c5 3. Bb2 Nc6 4. e3 a6 5. d4 Nf6 6. Nbd2 Bg4 7. dxc5 ({RR} 7. h3 Bh5 8. Be2 e6 9. O-O Rc8 10. a3 cxd4 11. exd4 Be7 12. c4 dxc4 13. bxc4 O-O 14. Rc1 Qb6 15. Qb3 Qxb3 16. Nxb3 Rfd8 17. Rfd1 Nd7 18. d5 exd5 19. cxd5 Na7 20. Na5 Nc5 21. g4 Bg6 {Caruana,F (2781)-Aronian,L (2785) Saint Louis 2022 ½-½ (40)}) ({RR} 7. h3 Bxf3 8. Nxf3 e6 9. Bd3 b5 10. dxc5 Bxc5 11. O-O O-O 12. a3 Re8 13. b4 Bb6 14. Ne5 Nxe5 15. Bxe5 Nd7 16. Bb2 Bc7 17. a4 Rb8 18. axb5 axb5 19. Ra7 Bd6 20. Ra6 Qc7 21. Qe2 Bxb4 {Alvarado,C (2032)-Kubatko,I (2257) chess.com INT 2025 ½-½ (68)}) 7... e6 8. h3 Bh5 9. c4 $146 ({RR} 9. a3 a5 10. g4 Bg6 11. Ne5 Nxe5 12. Bxe5 Bxc5 13. Bb5+ Kf8 14. Bd3 Nd7 15. Bb2 Bxd3 16. cxd3 f6 17. g5 fxg5 18. h4 Be7 19. Qg4 Bf6 20. d4 Qe7 21. Rc1 h5 22. Qe2 g4 23. Rc7 Qd6 {Alvarado,C (2044)-Diao,M (2097) chess.com INT 2024 0-1 (42)}) 9... Bxc5 10. cxd5 exd5 11. Be2 O-O 12. O-O Re8 13. a3 a5 14. Re1 Ne4 15. Nxe4 dxe4 16. Nd2 Bxe2 17. Qxe2 Qe7 18. Red1 Rad8 19. Nf1 Qe6 20. Qb5 b6 21. Ng3 f6 22. Rac1 Na7 23. Qa4 Rd3 24. b4 b5 25. Qxa5 Bb6 26. Qa6 Red8 27. Rxd3 exd3 28. Rd1 Kf7 29. Qb7+ Rd7 30. Qe4 Qb3 31. Rd2 g6 32. Bd4 Bxd4 33. Qxd3 Qxd3 34. Rxd3 Nc6 35. Ne2 1-0

[Event "Titled Tue 25th Feb Late"]
[Site "chess.com INT"]
[Date "2025.02.25"]
[Round "7"]
[White "Anton Guijarro, D."]
[Black "Mekhitarian, K."]
[Result "1-0"]
[WhiteElo "2668"]
[BlackElo "2562"]
[PlyCount "59"]
[EventDate "2025.02.25"]

1. Nf3 d5 2. c4 d4 3. b4 c5 4. a3 a6 $146 ({RR} 4... f6 5. g3 e5 6. Qb3 e4 7. Nh4 Nc6 8. b5 Ne5 9. d3 f5 10. Nd2 Be7 11. Ng2 Nf6 12. Qc2 O-O 13. Bb2 Nfg4 14. dxe4 fxe4 15. Nxe4 Qa5+ 16. Kd1 Bf5 17. f3 Bxe4 18. fxe4 Nf2+ 19. Kc1 {Short,F-Romi,M Scarborough/ North Yorkshire 1925 0-1 (32)}) ({RR} 4... Nc6 5. b5 Na5 6. e3 g6 7. exd4 Bg7 8. d3 cxd4 9. g3 Nf6 10. Bg2 Nd7 11. a4 Nc5 12. Ba3 Nab3 13. O-O Qc7 14. Ra2 Bf5 15. Ne1 O-O 16. Nd2 Nxd2 17. Rxd2 Rab8 18. a5 Rfd8 19. Nc2 {Anton Guijarro,D (2679)-Nakamura,H (2768) chess.com INT 2023 0-1 (38)}) ({RR} 4... Nf6 5. g3 e6 6. Bg2 Bd7 7. Ne5 Qc7 8. Nxd7 Nbxd7 9. b5 a6 10. O-O axb5 11. cxb5 Bd6 12. d3 Nb6 13. a4 Nbd5 14. Bd2 O-O 15. Na3 Nd7 16. a5 Be7 17. Nc4 Ne5 18. Qb3 Nxc4 19. dxc4 {Anton Guijarro,D (2668)-Venkatesh,N (2175) chess.com INT 2025 1-0 (40)}) 5. g3 Nc6 6. Bg2 Nf6 7. O-O e6 8. b5 Na5 9. d3 Bd6 10. a4 O-O 11. e3 e5 12. exd4 exd4 13. Bg5 h6 14. Bxf6 Qxf6 15. Nbd2 Qd8 16. Ne4 Be7 17. Re1 Rb8 18. Ne5 Qc7 19. Qh5 Be6 20. f4 Rbe8 21. Nd2 Bd6 22. Re2 axb5 23. axb5 Bxe5 24. Rxe5 b6 25. Rae1 Bd7 26. Bd5 Rxe5 27. fxe5 Be6 28. Ne4 Qd7 29. Nf6+ gxf6 30. exf6 1-0

[Event "Titled Tue 25th Feb Late"]
[Site "chess.com INT"]
[Date "2025.02.25"]
[Round "9"]
[White "Maghsoodloo, Parham"]
[Black "Bacrot, E."]
[Result "1-0"]
[WhiteElo "2680"]
[BlackElo "2640"]
[PlyCount "65"]
[EventDate "2025.02.25"]

1. Nf3 d5 2. g3 Nf6 3. Bg2 g6 4. O-O Bg7 5. c3 O-O 6. d4 b6 7. Bf4 ({RR} 7. a4 a5 8. Ne5 Bb7 9. Nd2 Nbd7 10. Nd3 c5 11. b3 Ne4 12. Bb2 Rc8 13. Rc1 cxd4 14. cxd4 Rxc1 15. Qxc1 Qc8 16. Nf3 Qxc1 17. Rxc1 Rc8 18. Rxc8+ Bxc8 19. Nfe5 e6 20. Nxd7 Bxd7 21. Bxe4 dxe4 {Prohaszka,P (2554)-Miton,K (2622) Achaia 2012 ½-½ (31)}) 7... Bb7 8. Qc1 ({RR} 8. a4 a5 9. h3 c5 10. Qb3 c4 11. Qa3 Re8 12. Nbd2 Nh5 13. Be3 Nc6 14. Rfe1 Qd6 15. Qxd6 exd6 16. Bf4 Nxf4 17. gxf4 Re7 18. e3 Nb8 19. b3 cxb3 20. Reb1 Nd7 21. Rxb3 Rc8 22. Ne1 Ba6 {Poormosavi,S (2368)-Mizzi,J (2085) chess.com INT 2025 1-0 (40)}) 8... Nbd7 9. Rd1 $146 ({RR} 9. Bh6 c5 10. Bxg7 Kxg7 11. Rd1 Rc8 12. e3 e6 13. a4 a6 14. Nbd2 Qc7 15. Qb1 c4 16. Re1 b5 17. axb5 axb5 18. Qc2 Ra8 19. Rec1 Bc6 20. Qd1 Ne8 21. Rxa8 Bxa8 22. Ra1 Nd6 23. h4 Nf6 {Steiner,W (1955)-Kramm,K (1627) Berlin 2016 0-1 (36)}) 9... Re8 10. Bh6 e5 11. Bxg7 Kxg7 12. dxe5 Nxe5 13. Nxe5 Rxe5 14. c4 Qe7 15. Nc3 Rd8 16. e3 Ba8 17. cxd5 Bxd5 18. Nxd5 Nxd5 19. f4 Rxe3 20. Rxd5 Re8 21. Rd1 c5 22. a4 h5 23. Ra3 Re2 24. Bf3 Re6 25. Rad3 h4 26. Qc3+ Kg8 27. Rd7 Qf8 28. Bd5 R6e7 29. Bc4 hxg3 30. hxg3 Re3 31. Qf6 Rxg3+ 32. Kf2 Rg5 33. Bxf7+ 1-0

[Event "Titled Tue 25th Feb Late"]
[Site "chess.com INT"]
[Date "2025.02.25"]
[Round "10"]
[White "Firouzja, Alireza"]
[Black "Hong, Andrew"]
[Result "1-0"]
[WhiteElo "2760"]
[BlackElo "2579"]
[PlyCount "51"]
[EventDate "2025.02.25"]

1. Nf3 Nf6 2. g3 d5 3. Bg2 e6 4. O-O Be7 5. d3 O-O 6. Nbd2 c5 7. e4 Nc6 8. Re1 Qc7 9. c3 dxe4 10. dxe4 e5 11. Qe2 h6 12. Nc4 Be6 13. Nh4 Rad8 ({RR} 13... Rfd8 14. f4 exf4 15. Bxf4 Qc8 16. Nf5 Bxf5 17. exf5 Nd5 18. Bxd5 Rxd5 19. Ne3 Rd8 20. Qh5 Bf8 21. Rad1 Rxd1 22. Rxd1 Qe8 23. Qf3 Rd8 24. Rxd8 Qxd8 25. Qd5 Qb6 26. Nc4 Qa6 27. Bd6 Qxa2 28. Bxf8 {Svidler,P (2734)-Golubov,S (2405) Sochi 2015 ½-½}) 14. Ne3 Rfe8 15. Nhf5 Bf8 16. h4 $146 ({RR} 16. Qf3 Nh7 17. Nd5 Qc8 18. Bd2 Ne7 19. Nfxe7+ Bxe7 20. Nxe7+ Rxe7 21. Qe2 b6 22. Be3 Bg4 23. f3 Be6 24. a4 Nf6 25. a5 Qc6 26. Bf1 Ne8 27. axb6 axb6 28. Qb5 Qc7 29. Ra6 Rb8 30. Rea1 Nd6 {Paakkonen,T (2216)-Osmolny,V Joensuu 2000 0-1 (51)}) ({RR} 16. Qf3 Nh7 17. Nd5 Qd7 18. Rd1 {½-½ (18) Platzgummer,F (2304)-Rempe,J (2187) Innsbruck AUT 2024}) 16... g6 17. g4 gxf5 18. exf5 Bd5 19. g5 Bxg2 20. gxf6 Bd5 21. Qg4+ Kh7 22. Nxd5 Rxd5 23. Kh1 Ne7 24. fxe7 Bxe7 25. f6 Qc6 26. Qg7# 1-0

[Event "Titled Tue 25th Feb Late"]
[Site "chess.com INT"]
[Date "2025.02.25"]
[Round "10"]
[White "Theodorou, Nikolas"]
[Black "Maghsoodloo, Parham"]
[Result "1-0"]
[WhiteElo "2611"]
[BlackElo "2680"]
[PlyCount "69"]
[EventDate "2025.02.25"]

1. Nf3 d5 2. b3 c6 3. Bb2 h6 4. g3 Bf5 5. Bg2 e6 6. O-O Nf6 7. d3 Bh7 8. Nc3 Be7 9. Nd2 O-O 10. e4 a5 11. Kh1 Na6 $146 ({RR} 11... Nbd7 12. f4 b5 13. e5 Ne8 14. a4 Nc7 15. Qe2 Nb6 16. g4 bxa4 17. Nxa4 Nxa4 18. Rxa4 Na6 19. f5 Bg5 20. Nf3 exf5 21. Nd4 fxg4 22. Nxc6 Qd7 23. Nd4 Nc5 24. Raa1 h5 25. Ba3 Rfc8 26. Bxc5 {Theodorou,N (2611)-Valle Luis,L (2250) chess.com INT 2025 1-0 (34)}) 12. f4 Nc5 13. e5 Nfd7 14. a4 Na6 15. Nf3 Nb4 16. g4 c5 17. Na2 Nxa2 18. Rxa2 c4 19. Nd4 Qb6 20. Nb5 cxd3 21. cxd3 Rac8 22. f5 Qe3 23. Bd4 Qg5 24. Raf2 Bc5 25. Bxc5 Nxc5 26. Nd6 Rcd8 27. fxe6 fxe6 28. Rxf8+ Rxf8 29. Rxf8+ Kxf8 30. Qf1+ Ke7 31. d4 Bd3 32. Qf7+ Kd8 33. Qe8+ Kc7 34. Qc8+ Kb6 35. dxc5+ 1-0

[Event "Titled Tue 25th Feb Late"]
[Site "chess.com INT"]
[Date "2025.02.25"]
[Round "10"]
[White "Anton Guijarro, D."]
[Black "Ibarra Jerez, JC."]
[Result "1-0"]
[WhiteElo "2668"]
[BlackElo "2559"]
[PlyCount "81"]
[EventDate "2025.02.25"]

1. Nf3 d5 2. c4 d4 3. b4 g5 4. h3 h6 5. d3 Bg7 6. g3 e5 7. Nbd2 Ne7 8. Bg2 O-O 9. O-O f5 10. Nb3 Ng6 11. e3 dxe3 12. Bxe3 Nc6 $146 ({RR} 12... Nd7 13. Qc2 Nf6 14. Rad1 g4 15. hxg4 Nxg4 16. Bc5 Re8 17. Rfe1 c6 18. a4 Qc7 19. b5 Bd7 20. Qa2 Kh8 21. Qa3 Re6 22. a5 cxb5 23. cxb5 Rae8 24. d4 e4 25. d5 Rf6 26. Nfd4 e3 27. f4 {Lammers,M (2312)-Suvorov,A (2356) Germany GER 2025 ½-½ (50)}) 13. b5 Nce7 14. Re1 f4 15. Bc5 g4 16. hxg4 Bxg4 17. Re4 Rf7 18. Bxe7 Qxe7 19. Nbd2 Qd7 20. Qb3 Rd8 21. d4 exd4 22. Rae1 d3 23. c5 Kh7 24. Ra4 Rdf8 25. c6 bxc6 26. bxc6 Qf5 27. Ree4 Bh5 28. Rxf4 Nxf4 29. Rxf4 Qc5 30. Rxf7 Rxf7 31. Qxd3+ Bg6 32. Ne4 Qc1+ 33. Kh2 Re7 34. Nh4 Bxe4 35. Bxe4+ Kg8 36. Qd8+ Bf8 37. Bd5+ Kg7 38. Nf5+ Kg6 39. Nxe7+ Bxe7 40. Qxe7 Qb2 41. Be4+ 1-0

[Event "Champions Showdown Kings"]
[Site "Saint Louis USA"]
[Date "2025.03.05"]
[Round "2.2"]
[White "Nakamura, Hi"]
[Black "Robson, R."]
[Result "1-0"]
[WhiteElo "2802"]
[BlackElo "2689"]
[PlyCount "103"]
[EventDate "2025.03.04"]

1. Nf3 d5 2. e3 c5 3. b3 Nf6 4. Bb2 g6 5. c4 Bg7 6. cxd5 Qxd5 7. Nc3 ({RR} 7. Bc4 Qd8 8. O-O O-O 9. d4 cxd4 10. Nxd4 Bd7 11. Nd2 Nc6 12. N2f3 Nxd4 13. Bxd4 Bc6 14. Qe2 Bd5 15. Rfd1 Bxc4 16. Qxc4 Qa5 17. Rac1 Rad8 18. h3 Nd5 19. Bxg7 Kxg7 20. Qc5 Qxc5 21. Rxc5 e6 {Nihal,S (2684)-Martirosyan,H (2683) Dusseldorf GER 2023 ½-½ (47)}) 7... Qd8 8. Na4 ({RR} 8. Ne4 Qb6 9. Nxc5 O-O 10. Na4 Qa5 11. Be2 Bd7 12. O-O Nc6 13. Rc1 Rac8 14. a3 Qh5 15. Nc5 Bg4 16. h3 Bxh3 17. gxh3 Qxh3 18. Nd3 e5 19. Ndxe5 Nxe5 20. Bxe5 Ng4 21. Bg3 Rcd8 22. Ng5 Qh5 {Raczek,K (2443)-Stanojevic,I (2224) chess.com INT 2025 1-0 (63)}) 8... b6 $146 ({RR} 8... Nbd7 9. Rc1 b6 10. d4 cxd4 11. Nxd4 Bb7 12. Nc6 Bxc6 13. Rxc6 O-O 14. Be2 Ne4 15. Bxg7 Kxg7 16. Bf3 Ndf6 17. Qc2 Ng5 18. Be2 Rc8 19. Rxc8 Qxc8 20. Qb2 Rd8 21. O-O Nge4 22. Rc1 Qd7 23. f3 {Shimanov,A (2581)-Klimov,S (2486) St Petersburg 2021 1-0 (36)}) ({RR} 8... Nbd7 9. Rc1 b6 10. d4 cxd4 11. Nxd4 Bb7 12. Nc6 Bxc6 13. Rxc6 O-O 14. Be2 Ne4 15. Bxg7 Kxg7 16. Bf3 Ndf6 17. Qc2 Ng5 18. Be2 Rc8 19. Rxc8 Qxc8 20. Qb2 Rd8 21. O-O Nge4 22. Rc1 Qd7 23. f3 {Shimanov,A (2581)-Klimov,S (2486) St Petersburg 2021 1-0 (36)}) 9. d4 cxd4 10. Nxd4 O-O 11. Qf3 Qd5 12. Rc1 Bb7 13. Qxd5 Nxd5 14. Be2 Nd7 15. e4 Nf4 16. Rc7 Nc5 17. Nxc5 bxc5 18. Rxb7 cxd4 19. Bc4 Nxg2+ 20. Kd2 e6 21. Rg1 Nf4 22. Ba3 Rfc8 23. Bd6 Bh6 24. Rg4 Nh3+ 25. Ke2 Rd8 26. e5 Nf4+ 27. Kf3 d3 28. Rxf4 Bxf4 29. Kxf4 d2 30. Be2 Rac8 31. Ke3 Rc2 32. Rxa7 Rdc8 33. Bd1 Rb2 34. a4 Rc3+ 35. Ke2 Kg7 36. Be7 Rc1 37. Rd7 Rbb1 38. Rxd2 Ra1 39. h4 Kh6 40. Bg5+ Kg7 41. b4 Rc4 42. Bf6+ Kh6 43. b5 Ra3 44. Bg5+ Kg7 45. Bf6+ Kh6 46. Kf1 Ra1 47. Kg2 Rcc1 48. b6 Rcb1 49. Bg5+ Kg7 50. Bf6+ Kh6 51. Bd8 Rb4 52. Be7 1-0

[Event "Champions Showdown Kings"]
[Site "Saint Louis USA"]
[Date "2025.03.06"]
[Round "3.3"]
[White "Caruana, F."]
[Black "Robson, R."]
[Result "1-0"]
[WhiteElo "2783"]
[BlackElo "2689"]
[PlyCount "99"]
[EventDate "2025.03.04"]

1. Nf3 d5 2. c4 d4 3. b4 c5 4. Bb2 Nf6 5. g3 Qc7 ({RR} 5... a5 6. b5 Nbd7 7. Bg2 e5 8. O-O Bd6 9. d3 O-O 10. a4 Ra7 11. Nbd2 Re8 12. e3 b6 13. Nh4 Nf8 14. Bc6 Bd7 15. Bxd7 Rxd7 16. e4 Ng6 17. Ng2 Rf8 18. f4 exf4 19. gxf4 Ne8 20. Rf3 {So,W (2760)-Anand,V (2757) Bucharest 2019 ½-½ (48)}) 6. Bg2 ({RR} 6. b5 e5 7. d3 g6 8. Bg2 Bg7 9. O-O O-O 10. a4 a5 11. Nbd2 Nbd7 12. Qc2 Rb8 13. Rae1 h6 14. e3 b6 15. Re2 Bb7 16. Bc1 Rbd8 17. h3 Rfe8 18. e4 Nf8 19. Nh4 Qe7 20. Nhf3 N8h7 {Doroodgar,A (2390)-Ter Sahakyan,S (2611) chess.com INT 2025 0-1 (45)}) 6... e5 7. e3 $146 ({RR} 7. O-O Be7 8. e3 O-O 9. exd4 cxd4 10. Re1 Bg4 11. h3 Bxf3 12. Qxf3 e4 13. Qb3 Nc6 14. c5 Rfe8 15. Na3 Bf8 16. Rac1 Rad8 17. Nc4 a6 18. a4 a5 19. bxa5 Bxc5 20. Qb5 Ba7 21. Nb6 Re5 {Mekhitarian,K (2537)-Gledura,B (2644) chess.com INT 2023 ½-½ (51)}) ({RR} 7. bxc5 Bxc5 8. O-O Nc6 9. d3 O-O 10. Nbd2 Re8 11. Ng5 h6 12. Nge4 Nxe4 13. Nxe4 Bf8 14. Rc1 Be6 15. Qa4 f5 16. Nd2 Rad8 17. Ba3 Bxa3 18. Qxa3 Bf7 19. Rb1 Na5 20. Rb5 b6 21. c5 Qe7 {Mekhitarian,K (2537)-Brkic,A (2608) chess.com INT 2023 1-0 (33)}) 7... Bg4 8. Qa4+ Nbd7 9. O-O Be7 10. bxc5 O-O 11. exd4 Bxf3 12. Bxf3 exd4 13. Bxd4 Bxc5 14. Be3 Ne5 15. Be2 Bxe3 16. dxe3 Rac8 17. Nd2 Rfd8 18. Rad1 h5 19. Nf3 Rxd1 20. Rxd1 Nxf3+ 21. Bxf3 Qxc4 22. Qxa7 b5 23. h4 g6 24. Kg2 Kg7 25. Qa6 Rc5 26. Rd4 Qc3 27. Rf4 Qb2 28. Qa7 Qe5 29. Bd1 Qd5+ 30. Bf3 Qe5 31. Rd4 Rc7 32. Qb8 Qc5 33. Rd8 Qe7 34. Rc8 Rxc8 35. Qxc8 Qa3 36. Qc2 Qd6 37. Bc6 Qc7 38. a3 Qd6 39. Qc3 Kg8 40. Bxb5 Qd5+ 41. Kg1 Ne4 42. Qc8+ Kg7 43. Qd7 Nd6 44. a4 Qe5 45. Bf1 Nf5 46. Qb5 Qc3 47. a5 Qe1 48. Qe5+ f6 49. Qc7+ Kh6 50. a6 1-0